| 000 | 00999cam a22003254a 4500 | ||
|---|---|---|---|
| 001 | 11842683 | ||
| 003 | OSt | ||
| 005 | 20140310184515.0 | ||
| 008 | 991115s2000 ilu c 000 1 eng | ||
| 010 | _a 99058281 | ||
| 020 | _a0439313317 | ||
| 020 | _a9780439313315 | ||
| 040 |
_aDLC _cDLC _dDLC |
||
| 042 |
_apcc _alcac |
||
| 050 | 0 | 0 |
_aPZ 7 _b.Et84Po 2001 |
| 082 | 0 | 0 | _a[Fic] |
| 100 | 1 |
_aEtchemendy, Nancy. _929415 |
|
| 245 | 1 | 4 |
_aThe power of Un / _cNancy Etchemendy. |
| 250 | _a1st ed. | ||
| 260 |
_aChicago : _bFront Street/Cricket Books, _c2001. |
||
| 300 |
_a148 p. ; _c22 cm. |
||
| 521 | _aG5 | ||
| 526 | _c720 | ||
| 650 | 1 |
_aTime travel _vFiction. _929416 |
|
| 650 | 1 |
_aBrothers and sisters _vFiction. _929417 |
|
| 906 |
_a7 _bcbc _corignew _d1 _eocip _f19 _gy-gencatlg |
||
| 942 |
_2lcc _cBK-SCHOLAS |
||
| 999 |
_c34937 _d34937 |
||